Teaching culture : Strategies for intercultural communication /

Saved in:
Bibliographic Details
Main Author: Seelye, H. Ned
Format: Book
Language:English
Published: Illinois : National textbook Co, c1993.
Subjects:
Tags: Add Tag
No Tags, Be the first to tag this record!

MARC

LEADER 00000cam a22000002 4500
001 0000027266
005 20171002020033.0
008 060706s xx 000 0 eng d
020 |a 0844293288 
040 |a Daystar  |d COnyango 
050 0 0 |a LB1025  |b .S4 
100 1 |a Seelye, H. Ned. 
245 1 0 |a Teaching culture :  |b Strategies for intercultural communication /  |c by H. Ned Seelye. 
260 |a Illinois :  |b National textbook Co,  |c c1993. 
300 |a 303 p. 
504 |a Includes bibliographical references and index. 
650 0 |a Teaching. 
908 |a 060706 
942 |c G 
952 |0 0  |1 0  |4 0  |6 LB_1025_000000000000000_S4  |7 0  |9 23692  |a DUA  |b DUA  |c GC  |d 2017-09-28  |l 0  |o LB1025.S4  |p BK015174  |r 2017-09-28 00:00:00  |w 2017-09-28  |x 21831  |y G 
999 |c 14964  |d 14964